Finis les paroles - Aya Nakamura - Statistiques

Statistiques générales
  • Ce quiz a été pris 1 363 fois
  • Le résultat moyen est 6 sur 10
Statistiques - réponses
Hint Réponse % Correct
J'ai calé, calé l'affaire, laissez, laissez-moi.. faire
96%
T'es la plus bonne-bonne-bonne de mes... copines
93%
Ces bails-là, c’est pour les mecs comme... toi
88%
J’pourrais t’afficher mais c’est pas mon... délire
85%
Tu penses à moi je pense à faire de l' argent
82%
J'suis ailleurs laissez moi j'vais planer toute la... night
71%
j’suis pas très sage et tu vois bien ce que j’dégage. J’suis trop.. charismatique
66%
Aimer, c'est voler, aimer, s' envoler
34%
C'est pas facile, mais faut pas... lâcher
24%
Aujourd'hui nous sommes.. demain
7%
Aucun quiz correspondant
Distribution des résultats
% des personnes avec chaque résultat
Percentile par nombre de réponses
Votre historique - résultats
Vous n’avez pas pris ce quiz